000 00448nam a2200193Ia 4500
005 20240823050435.0
008 240823s9999||||xx |||||||||||||| ||und||
020 _a978-81-207-2365-8
041 _aENGLISH
082 _A415 P8
100 _aSarada M
245 0 _aEnrich your Grammar Word to Paragraph
250 _a1st
260 _c2008
_bSterling Paper
500 _aYES
650 _aGrammar
_bEnglish
942 _cBK
999 _c217259
_d217259